| 000 | 00625nam a22001817a 4500 | ||
|---|---|---|---|
| 003 | OSt | ||
| 005 | 20260330161621.0 | ||
| 008 | 260330b |||||||| |||| 00| 0 eng d | ||
| 020 | _a9798892790475 | ||
| 040 | _cIILMLR | ||
| 082 | _a658.4038 FAR 2025 | ||
| 100 |
_aFarri, Elisa and Rosani, Gabriele _eauthor |
||
| 245 |
_aGenerative AI for Managers: _bunderstand your options, experiment and innovate, transform the way you work |
||
| 260 |
_aBoston: _bHarvard Business Review Press, _c2025 |
||
| 300 | _a262p. | ||
| 700 |
_aRosani, Gabriele _eauthor |
||
| 942 |
_2ddc _cBK _h658.4038 FAR 2025 _n0 |
||
| 999 |
_c14011 _d14011 |
||